000 00803nam a2200181 a 4500
003 0
005 20250528103430.0
008 021022s19uu xx 00 eng d
050 _aPHS LB 3012.2
_b.D56 2002
100 _aDimaguila, Antonio Jr. A.
245 _aA Comparative study on high school teachers' perception on student's discipline between Southville International School and Las Piñas National High School, school year 2001 - 2002 /
_cAntonio A. Dimaguila Jr.
260 _aLas Piñas City, Philippines :
_bSouthville International School and Colleges,
_c2002.
300 _a48 pages :
_billustrations ;
_c28 cm.
504 _aIncludes bibliographical references.
650 _aStudent discipline
_zPhilippines.
650 _aHigh school students
_xDiscipline
_zPhilippines.
942 _2lcc
_cPASS
999 _c96749
_d96749